Splatoon Characters by Image - Statistics

General Stats
  • This quiz has been taken 106 times
  • The average score is 16 of 20
Answer Stats
Picture Answer % Correct
Agent 4
99%
Agent 3
98%
Agent 8
96%
Cuttlefish
90%
Frye
88%
Shiver
88%
Big Man
86%
Mr. Grizz
85%
Pearl
85%
DJ Octavio
84%
Callie
83%
Marie
83%
Marina
83%
Judd
74%
Octoling
74%
Acht
73%
Commander Tartar
63%
Harmony
63%
Octotrooper
51%
Iso Padre
46%
No matching quizzes found
Score Distribution
Percent of People with Each Score
Percentile by Number Answered
Your Score History
You have not taken this quiz